[Event "Mittelfranken Landesliga Sued 2122"]
[Site "Mittelfranken"]
[Date "2022.05.15"]
[Round "5.8"]
[White "Doebel, Maximilian"]
[Black "Koester, Roman"]
[Result "0-1"]
[WhiteElo "1356"]
[BlackElo "2065"]
[PlyCount "52"]
[EventDate "2021.10.24"]
[EventType "team-tourn"]
[EventRounds "9"]
[EventCountry "GER"]
[SourceTitle "EXT 2024"]
[Source "ChessBase"]
[SourceDate "2023.10.10"]
[SourceVersion "1"]
[SourceVersionDate "2023.10.10"]
[SourceQuality "1"]
[WhiteTeam "Haunstetten"]
[BlackTeam "Muenchen Tarrasch"]
[WhiteTeamCountry "GER"]
[BlackTeamCountry "GER"]

1. d4 Nf6 2. c4 d6 3. g3 g6 4. Nc3 Bg7 5. e4 0-0 6. Bg5 h6 7. Be3 Ng4 8. Qd2 Nxe3 9. Qxe3 c6 10. Bg2 e5 11. d5 cxd5 12. cxd5 f5 13. Nf3 Na6 14. 0-0 Nc5 15. Nd2 f4 16. Qe2 Bd7 17. Rfc1 g5 18. Nb5 Qb6 19. Bf1 fxg3 20. hxg3 Nd3 21. Qxd3 Qxf2+ 22. Kh1 Bxb5 23. Qxb5 Qxd2 24. Qxb7 Rab8 25. Rd1 Qxd1 26. Rxd1 Rxb7 0-1

[Event "Landesliga Sued 1920"]
[Site "Bayern"]
[Date "2020.02.09"]
[Round "6.5"]
[White "Unger, Michael"]
[Black "Koester, Roman"]
[Result "1-0"]
[WhiteElo "2102"]
[BlackElo "2032"]
[PlyCount "65"]
[EventDate "2019.09.29"]
[EventType "team-tourn"]
[EventRounds "9"]
[EventCountry "GER"]
[SourceTitle "EXT 2021"]
[Source "ChessBase"]
[SourceDate "2020.10.23"]
[SourceVersion "1"]
[SourceVersionDate "2020.10.23"]
[SourceQuality "1"]
[WhiteTeam "Muenchen SC II"]
[BlackTeam "Muenchen Tarrasch"]
[WhiteTeamCountry "GER"]
[BlackTeamCountry "GER"]

1. Nc3 g6 2. f4 d5 3. e4 dxe4 4. Nxe4 Bg7 5. Nf3 Nf6 6. Nxf6+ Bxf6 7. d4 0-0 8. Be2 c5 9. d5 Qa5+ 10. c3 Rd8 11. Qb3 a6 12. Be3 e6 13. dxe6 Bxe6 14. Bc4 Bxc4 15. Qxc4 b5 16. Qe4 Nd7 17. 0-0 Qc7 18. Ng5 Nf8 19. Rae1 Re8 20. Qd5 c4 21. Qf3 h6 22. Ne4 Bg7 23. f5 gxf5 24. Qxf5 Nh7 25. Rf3 Re5 26. Qg4 Qc8 27. Qf4 Qe8 28. Bd4 Re6 29. Rg3 Rg6 30. Rxg6 fxg6 31. Nf6+ Nxf6 32. Rxe8+ Nxe8 33. Qe4 1-0

[Event "Landesliga Sued 1920"]
[Site "Bayern"]
[Date "2019.10.20"]
[Round "1.6"]
[White "Koester, Roman"]
[Black "Reimann, Robert"]
[Result "0-1"]
[WhiteElo "2032"]
[BlackElo "2075"]
[PlyCount "80"]
[EventDate "2019.09.29"]
[EventType "team-tourn"]
[EventRounds "9"]
[EventCountry "GER"]
[SourceTitle "EXT 2021"]
[Source "ChessBase"]
[SourceDate "2020.10.23"]
[SourceVersion "1"]
[SourceVersionDate "2020.10.23"]
[SourceQuality "1"]
[WhiteTeam "Muenchen Tarrasch"]
[BlackTeam "Kriegshaber"]
[WhiteTeamCountry "GER"]
[BlackTeamCountry "GER"]

1. d4 Nf6 2. Bf4 c5 3. d5 d6 4. Nc3 e5 5. Bg5 Be7 6. Bxf6 Bxf6 7. e4 0-0 8. g3 Be7 9. Bg2 f5 10. exf5 Bxf5 11. Be4 Nd7 12. Bxf5 Rxf5 13. Nge2 Qb6 14. Qd3 Raf8 15. f4 exf4 16. gxf4 Bh4+ 17. Kd2 Bf6 18. Rab1 Bxc3+ 19. bxc3 Qc7 20. Qe4 g6 21. Rhg1 Kh8 22. c4 Nf6 23. Qf3 Qa5+ 24. Kc1 Nh5 25. Rb5 Qxa2 26. Qc3+ Kg8 27. Rxb7 Qa6 28. Re7 R5f7 29. Re6 Ng7 30. Re4 Qc8 31. Rg3 Qd8 32. Rg1 Qh4 33. Qg3 Qf6 34. Kd2 Nf5 35. Qg5 Qb2 36. h4 Nd4 37. Nxd4 cxd4 38. h5 Qc3+ 39. Kd1 d3 40. Rg2 Rb7 0-1

[Event "Oberliga Bayern 1314"]
[Site "Bayern"]
[Date "2013.11.10"]
[Round "2.8"]
[White "Lentrodt, Thomas"]
[Black "Koester, Roman"]
[Result "1-0"]
[WhiteElo "2252"]
[BlackElo "2117"]
[PlyCount "69"]
[EventDate "2013.10.13"]
[EventType "team-tourn"]
[EventRounds "9"]
[EventCountry "GER"]
[SourceTitle "EXT 2015"]
[Source "ChessBase"]
[SourceDate "2014.11.20"]
[SourceVersion "1"]
[SourceVersionDate "2014.11.20"]
[SourceQuality "1"]
[WhiteTeam "Bayern Muenchen II"]
[BlackTeam "Muenchen Tarrasch"]
[WhiteTeamCountry "GER"]
[BlackTeamCountry "GER"]

1. d4 Nf6 2. c4 g6 3. Nc3 Bg7 4. e4 d6 5. Be2 0-0 6. Nf3 c5 7. d5 Na6 8. 0-0 Bd7 9. h3 Nc7 10. Bf4 a6 11. e5 Nfe8 12. a4 Rb8 13. Qd2 b5 14. axb5 axb5 15. b3 bxc4 16. bxc4 Rb6 17. Rfb1 Qb8 18. Rxb6 Qxb6 19. Qa2 Bf5 20. Qa5 Qb3 21. Ra3 Qb4 22. Ra4 Qb3 23. g4 Bd7 24. Ra1 Qb7 25. Rb1 Qc8 26. Bg3 h6 27. Qa7 dxe5 28. Nxe5 Nd6 29. Qxc5 f5 30. Nxg6 Rf7 31. Nxe7+ Rxe7 32. Bxd6 Re8 33. Qxc7 Qxc7 34. Bxc7 Bxc3 35. Rb8 1-0

[Event "Landesliga Sued 1213"]
[Site "Bayern"]
[Date "2013.01.13"]
[Round "5.2"]
[White "Koester, Roman"]
[Black "Jussupow, Ekaterina"]
[Result "1/2-1/2"]
[WhiteElo "1957"]
[BlackElo "2149"]
[PlyCount "115"]
[EventDate "2012.10.14"]
[EventType "team-tourn"]
[EventRounds "9"]
[EventCountry "GER"]
[SourceTitle "EXT 2015"]
[Source "ChessBase"]
[SourceDate "2014.11.20"]
[SourceVersion "1"]
[SourceVersionDate "2014.11.20"]
[SourceQuality "1"]
[WhiteTeam "Muenchen Tarrasch II"]
[BlackTeam "Krumbach"]
[WhiteTeamCountry "GER"]
[BlackTeamCountry "GER"]

1. b4 d5 2. Bb2 Nf6 3. e3 Bf5 4. Nf3 e6 5. a3 h6 6. c4 c5 7. b5 Nbd7 8. cxd5 exd5 9. Be2 Bd6 10. d4 c4 11. Nc3 0-0 12. 0-0 Qc7 13. a4 a5 14. Ba3 Bb4 15. Bb2 Rfe8 16. Nd2 Bd6 17. h3 Nb6 18. Bf3 Qd7 19. Re1 Bb4 20. Nf1 Ne4 21. Bxe4 Rxe4 22. Ng3 Rh4 23. Qf3 Bg6 24. Rec1 Re8 25. Nce2 Bh7 26. Ba3 Bd2 27. Nf4 Bxc1 28. Bxc1 Bc2 29. Ngh5 Qf5 30. g4 Qg5 31. e4 Bxe4 32. Qg3 Qd8 33. f3 Bc2 34. Ng2 Rxh5 35. gxh5 Qf6 36. Be3 Nxa4 37. Kh2 b6 38. Re1 Re7 39. Nf4 Nc3 40. Qf2 Nd1 41. Nxd5 Nxf2 42. Nxf6+ gxf6 43. Bxf2 Rxe1 44. Bxe1 Bd1 45. Kg3 Kf8 46. Bxa5 Ba4 47. Bxb6 Bxb5 48. Ba5 Ke7 49. Bd2 Ke6 50. Bxh6 c3 51. Kf2 Bd3 52. Ke3 Bh7 53. Bg7 c2 54. Kd2 Bf5 55. h6 Bh7 56. f4 Bf5 57. h4 Bh7 58. Kc1 1/2-1/2

[Event "BL2-Ost 1112"]
[Site "Germany"]
[Date "2012.03.18"]
[Round "8.8"]
[White "Huemmer, Bernd"]
[Black "Koester, Roman"]
[Result "1-0"]
[WhiteElo "2218"]
[BlackElo "2142"]
[PlyCount "105"]
[EventDate "2011.10.02"]
[EventType "team-tourn"]
[EventRounds "9"]
[EventCountry "GER"]
[SourceTitle "EXT 2015"]
[Source "ChessBase"]
[SourceDate "2014.11.20"]
[SourceVersion "1"]
[SourceVersionDate "2014.11.20"]
[SourceQuality "1"]
[WhiteTeam "Forchheim"]
[BlackTeam "Muenchen Tarrasch"]
[WhiteTeamCountry "GER"]
[BlackTeamCountry "GER"]

1. Nf3 Nf6 2. d4 d6 3. c3 g6 4. Bg5 Bg7 5. Nbd2 0-0 6. e4 c5 7. dxc5 dxc5 8. Bc4 Nc6 9. 0-0 Na5 10. Be2 Be6 11. Qc2 Qc7 12. Bh4 h6 13. Bg3 Qc8 14. h3 Rd8 15. Ne5 Nc6 16. Ndf3 Nd7 17. Nd3 g5 18. h4 g4 19. Nh2 Nce5 20. Nf4 Nb6 21. Rfd1 Rxd1+ 22. Rxd1 Bc4 23. Nh5 Bh8 24. Bxe5 Bxe5 25. Nxg4 Qe6 26. Nxe5 Qxe5 27. f4 Qe6 28. b3 Bxe2 29. Qxe2 Kh8 30. c4 Rg8 31. f5 Qe5 32. Rd3 Qa1+ 33. Kh2 Qe5+ 34. Kg1 Qa1+ 35. Kh2 Qe5+ 36. Kh3 Qa1 37. Rd1 Qc3+ 38. Qd3 Qe5 39. Qf3 Kh7 40. Qf4 Qb2 41. Rd2 Qc3+ 42. Kh2 a5 43. e5 a4 44. Rd6 f6 45. Rxb6 Qb2 46. Ng3 h5 47. Rxb7 Rg4 48. Rxe7+ Kg8 49. Re8+ Kh7 50. Qf3 Rxh4+ 51. Kg1 Qc1+ 52. Nf1 Rg4 53. Re7+ 1-0

[Event "BL2-Ost 1112"]
[Site "Germany"]
[Date "2011.10.24"]
[Round "2.8"]
[White "Rausch, Stephan"]
[Black "Koester, Roman"]
[Result "1-0"]
[WhiteElo "2342"]
[BlackElo "2142"]
[PlyCount "81"]
[EventDate "2011.10.02"]
[EventType "team-tourn"]
[EventRounds "9"]
[EventCountry "GER"]
[SourceTitle "EXT 2015"]
[Source "ChessBase"]
[SourceDate "2014.11.20"]
[SourceVersion "1"]
[SourceVersionDate "2014.11.20"]
[SourceQuality "1"]
[WhiteTeam "Leipzig SG"]
[BlackTeam "Muenchen Tarrasch"]
[WhiteTeamCountry "GER"]
[BlackTeamCountry "GER"]

1. d4 Nf6 2. Nf3 d6 3. e3 g6 4. Nc3 Bg7 5. Bc4 0-0 6. 0-0 a6 7. a4 c5 8. dxc5 dxc5 9. Qxd8 Rxd8 10. e4 Nc6 11. Be3 Nd4 12. e5 Ng4 13. Nd5 Be6 14. Bxd4 cxd4 15. Nb6 Bxc4 16. Nxc4 Rac8 17. b3 b5 18. h3 Nxf2 19. Ncd2 Nxh3+ 20. gxh3 Rxc2 21. Rfd1 f6 22. axb5 axb5 23. exf6 exf6 24. Ra5 Rd5 25. Ra8+ Kf7 26. Ra7+ Kg8 27. Re1 Rd8 28. Ree7 Bh6 29. Ne4 Be3+ 30. Kh1 Rc6 31. Rg7+ Kh8 32. Rxh7+ Kg8 33. Rag7+ Kf8 34. Rf7+ Kg8 35. Rhg7+ Kh8 36. Rxg6 d3 37. Nfd2 Bxd2 38. Nxd2 Rc2 39. Rg2 Re8 40. Rxf6 Kh7 41. Rf4 1-0

[Event "Landesliga Sued 1011"]
[Site "Bayern"]
[Date "2011.03.20"]
[Round "8.5"]
[White "Koester, Roman"]
[Black "Trapp, Maximilian"]
[Result "0-1"]
[WhiteElo "2040"]
[BlackElo "2104"]
[PlyCount "46"]
[EventDate "2010.10.10"]
[EventType "team-tourn"]
[EventRounds "9"]
[EventCountry "GER"]
[SourceTitle "EXT 2012"]
[Source "ChessBase"]
[SourceDate "2011.11.24"]
[SourceVersion "1"]
[SourceVersionDate "2011.11.24"]
[SourceQuality "1"]
[WhiteTeam "Muenchen Tarrasch II"]
[BlackTeam "Freising"]
[WhiteTeamCountry "GER"]
[BlackTeamCountry "GER"]

1. b4 Nf6 2. Bb2 d5 3. e3 g6 4. Nf3 Bg7 5. c4 c6 6. Nc3 0-0 7. d4 Bf5 8. Be2 Nbd7 9. Qb3 Nb6 10. Nd2 dxc4 11. Nxc4 Nxc4 12. Bxc4 e5 13. dxe5 Ng4 14. e6 fxe6 15. Bxe6+ Kh8 16. Nd1 Qd6 17. Bxg7+ Kxg7 18. Qb2+ Kh6 19. Bxf5 Rxf5 20. h3 Ne5 21. 0-0 Nf3+ 22. gxf3 Rg5+ 23. Kh1 Qe6 0-1

[Event "Hessenliga 0809"]
[Site "Germany"]
[Date "2009.02.15"]
[Round "8.5"]
[White "Drill, Frank J"]
[Black "Koester, Roman"]
[Result "0-1"]
[WhiteElo "2182"]
[BlackElo "2116"]
[PlyCount "80"]
[EventDate "2008.09.14"]
[EventType "team-tourn"]
[EventRounds "9"]
[EventCountry "GER"]
[SourceTitle "EXT 2011"]
[Source "ChessBase"]
[SourceDate "2010.11.26"]
[SourceVersion "1"]
[SourceVersionDate "2010.11.26"]
[SourceQuality "1"]
[WhiteTeam "Neuberg"]
[BlackTeam "Frankfurt BvK II"]
[WhiteTeamCountry "GER"]
[BlackTeamCountry "GER"]

1. e4 e6 2. d4 d5 3. Nc3 Bb4 4. Bd2 b6 5. Qg4 Kf8 6. 0-0-0 Nf6 7. Qh4 Be7 8. Bg5 Bb7 9. f3 c6 10. Nh3 Ba6 11. g4 Bxf1 12. Rhxf1 Ne8 13. Bxe7+ Qxe7 14. g5 h6 15. Rde1 Qd8 16. Qg3 Qc7 17. Nf4 hxg5 18. Qxg5 Nd7 19. exd5 cxd5 20. Rxe6 Ndf6 21. Re2 Qc4 22. Qe5 Rxh2 23. Ng6+ fxg6 24. Qxh2 b5 25. Qh8+ Ng8 26. Rfe1 Nd6 27. Re6 Nf7 28. Qh4 b4 29. Nb1 Rc8 30. R6e2 Qxa2 31. Qg4 Qc4 32. Qd7 Nf6 33. Qxa7 Ng5 34. b3 Qxb3 35. Qe7+ Kg8 36. f4 Nf7 37. Rg2 Qf3 38. Rxg6 Ne4 39. Reg1 Qe3+ 40. Kd1 Nf2# 0-1

[Event "Hessenliga 0708"]
[Site "Germany"]
[Date "2008.03.02"]
[Round "7.8"]
[White "Uhl, Michael"]
[Black "Koester, Roman"]
[Result "0-1"]
[WhiteElo "2165"]
[BlackElo "2121"]
[PlyCount "58"]
[EventDate "2007.09.30"]
[EventType "team"]
[EventRounds "9"]
[EventCountry "GER"]
[SourceTitle "EXT 2009"]
[Source "ChessBase"]
[SourceDate "2008.11.26"]
[SourceVersion "1"]
[SourceVersionDate "2008.11.26"]
[SourceQuality "1"]
[WhiteTeam "Bensheim"]
[BlackTeam "Frankfurt BvK II"]
[WhiteTeamCountry "GER"]
[BlackTeamCountry "GER"]

1. e4 e6 2. d4 d5 3. Nd2 Nf6 4. e5 Nfd7 5. f4 c5 6. c3 Nc6 7. Ndf3 Qb6 8. g3 cxd4 9. cxd4 Be7 10. Ne2 0-0 11. Bh3 Na5 12. 0-0 f6 13. Kh1 Nb8 14. b3 Nbc6 15. Nc3 Bd7 16. Nxd5 exd5 17. Bxd7 Rad8 18. Be6+ Kh8 19. f5 Nxd4 20. Be3 fxe5 21. Nxe5 Bc5 22. Bxd4 Bxd4 23. Ng6+ hxg6 24. Qg4 Be3 25. Qh4+ Bh6 26. g4 gxf5 27. gxf5 Rf6 28. Rf3 Nc6 29. Rh3 Qd4 0-1

[Event "Oberliga Ost-B 0708"]
[Site "Germany"]
[Date "2007.10.07"]
[Round "1.8"]
[White "Koester, Roman"]
[Black "Wolff, Peter"]
[Result "1/2-1/2"]
[WhiteElo "2121"]
[BlackElo "2019"]
[PlyCount "93"]
[EventDate "2007.10.07"]
[EventType "team-tourn"]
[EventRounds "11"]
[EventCountry "GER"]
[SourceTitle "EXT 2009"]
[Source "ChessBase"]
[SourceDate "2008.11.26"]
[SourceVersion "1"]
[SourceVersionDate "2008.11.26"]
[SourceQuality "1"]
[WhiteTeam "Frankfurt BvK"]
[BlackTeam "Offenbach"]
[WhiteTeamCountry "GER"]
[BlackTeamCountry "GER"]

1. b4 d5 2. Bb2 Nf6 3. e3 Bg4 4. Nf3 Nbd7 5. Be2 e6 6. a3 Be7 7. c4 dxc4 8. Bxc4 Nb6 9. Be2 0-0 10. d4 c6 11. Nc3 Nbd5 12. 0-0 Nxc3 13. Bxc3 Nd5 14. Bd2 f5 15. Ne5 Bxe2 16. Qxe2 Bd6 17. f3 Qc7 18. e4 Bxe5 19. dxe5 Qxe5 20. Qc4 fxe4 21. fxe4 Nf4 22. g3 Qd4+ 23. Qxd4 Ne2+ 24. Kg2 Nxd4 25. Bf4 Rad8 26. Ra2 Nb5 27. Rf3 Rd1 28. Re3 Rfd8 29. a4 Nd6 30. Ree2 Nf7 31. Be3 a6 32. b5 axb5 33. axb5 cxb5 34. Rab2 Nd6 35. Bf4 Rd4 36. e5 Ne4 37. Rec2 b4 38. Rc7 R8d7 39. Rxd7 Rxd7 40. Rxb4 Nc3 41. Rb3 Nd5 42. Kf3 Kf7 43. Ke4 b5 44. Bd2 b4 45. Bxb4 Rb7 46. Rf3+ Kg6 47. Bd6 1/2-1/2

[Event "Hessenliga 0607"]
[Site "Germany"]
[Date "2007.03.25"]
[Round "9.5"]
[White "Koester, Roman"]
[Black "Flach, Erich"]
[Result "1/2-1/2"]
[WhiteElo "2121"]
[BlackElo "2164"]
[PlyCount "83"]
[EventDate "2006.09.17"]
[EventType "team"]
[EventRounds "9"]
[EventCountry "GER"]
[SourceTitle "EXT 2008"]
[Source "ChessBase"]
[SourceDate "2007.11.25"]
[SourceVersion "1"]
[SourceVersionDate "2007.11.25"]
[SourceQuality "1"]
[WhiteTeam "Frankfurt BvK II"]
[BlackTeam "Bensheim"]
[WhiteTeamCountry "GER"]
[BlackTeamCountry "GER"]

1. b4 c6 2. Bb2 a5 3. a3 axb4 4. axb4 Rxa1 5. Bxa1 Qb6 6. c3 d5 7. d4 Nf6 8. Nf3 Bf5 9. Nbd2 h6 10. e3 e6 11. Be2 Bd6 12. Qa4 0-0 13. b5 Nbd7 14. 0-0 Rc8 15. Bb2 c5 16. c4 Qd8 17. Ne5 Nb6 18. Qb3 Ne4 19. Nxe4 Bxe4 20. f3 dxc4 21. Bxc4 Nxc4 22. Nxc4 Bd5 23. Qd3 Bb8 24. f4 Ba7 25. Ne5 f6 26. e4 fxe5 27. exd5 exd4 28. dxe6 c4 29. Qf5 Qf8 30. Qd5 Kh8 31. Bxd4 Rd8 32. Qxb7 Bxd4+ 33. Kh1 Bf6 34. Qe4 Rc8 35. b6 c3 36. b7 Rb8 37. g4 Qe7 38. g5 hxg5 39. fxg5 Qxb7 40. Qxb7 Rxb7 41. gxf6 gxf6 42. Rc1 1/2-1/2

[Event "Hessenliga 0607"]
[Site "Germany"]
[Date "2007.02.11"]
[Round "7.5"]
[White "Koester, Roman"]
[Black "Klingelhoefer, Stefan"]
[Result "1-0"]
[WhiteElo "2121"]
[BlackElo "2263"]
[PlyCount "77"]
[EventDate "2006.09.17"]
[EventType "team"]
[EventRounds "9"]
[EventCountry "GER"]
[SourceTitle "EXT 2008"]
[Source "ChessBase"]
[SourceDate "2007.11.25"]
[SourceVersion "1"]
[SourceVersionDate "2007.11.25"]
[SourceQuality "1"]
[WhiteTeam "Frankfurt BvK II"]
[BlackTeam "Giessen"]
[WhiteTeamCountry "GER"]
[BlackTeamCountry "GER"]

1. b4 d5 2. Bb2 c6 3. e3 Nf6 4. c4 e6 5. b5 dxc4 6. Bxc4 cxb5 7. Bxb5+ Bd7 8. Be2 Be7 9. Nf3 0-0 10. 0-0 Nc6 11. d4 Rc8 12. Nc3 Qa5 13. Qb3 Qf5 14. Rac1 Na5 15. Qd1 Nc6 16. Bd3 Qh5 17. Ne2 Qa5 18. Bb1 Rfd8 19. e4 Be8 20. Nd2 Qh5 21. Rc3 Na5 22. Rh3 Qb5 23. Ba1 Qa4 24. Nb3 Nxb3 25. Rxb3 Bc6 26. Ng3 g6 27. e5 Nd7 28. f4 Nc5 29. Re3 Qb4 30. Qg4 Rxd4 31. Bxd4 Qxd4 32. Qe2 Bb5 33. Rd1 Qxf4 34. Qf2 Qxf2+ 35. Kxf2 Nd7 36. Kf3 Bc6+ 37. Ke2 Bb5+ 38. Ke1 Bb4+ 39. Kf2 1-0

[Event "Hessenliga 0607"]
[Site "Germany"]
[Date "2006.12.03"]
[Round "5.5"]
[White "Koester, Roman"]
[Black "Bahlke, Wolfgang"]
[Result "1-0"]
[WhiteElo "2121"]
[BlackElo "2087"]
[PlyCount "63"]
[EventDate "2006.09.17"]
[EventType "team"]
[EventRounds "9"]
[EventCountry "GER"]
[SourceTitle "EXT 2008"]
[Source "ChessBase"]
[SourceDate "2007.11.25"]
[SourceVersion "1"]
[SourceVersionDate "2007.11.25"]
[SourceQuality "1"]
[WhiteTeam "Frankfurt BvK II"]
[BlackTeam "Dettingen"]
[WhiteTeamCountry "GER"]
[BlackTeamCountry "GER"]

1. b4 Nf6 2. Bb2 g6 3. c4 Bg7 4. e3 0-0 5. Nf3 d6 6. Be2 Nbd7 7. d4 e5 8. 0-0 exd4 9. exd4 d5 10. Nc3 dxc4 11. Bxc4 Nb6 12. Bb3 Nfd5 13. Nxd5 Nxd5 14. Qd2 c6 15. Rac1 Qd6 16. b5 cxb5 17. Rc5 Nf6 18. Ne5 Nd7 19. Rd5 Qe7 20. Re1 Nxe5 21. Rdxe5 Bxe5 22. Rxe5 Be6 23. d5 Rad8 24. Qe2 Qb4 25. Rxe6 fxe6 26. Qe5 Rd7 27. dxe6 Rd4 28. Bxd4 Rf6 29. e7+ Kg7 30. Qxf6+ Kh6 31. Be3+ Kh5 32. Qg5# 1-0

[Event "Hessenliga 0607"]
[Site "Germany"]
[Date "2006.10.29"]
[Round "3.5"]
[White "Kreiling, Carsten"]
[Black "Koester, Roman"]
[Result "1/2-1/2"]
[WhiteElo "2144"]
[BlackElo "2121"]
[PlyCount "48"]
[EventDate "2006.09.17"]
[EventType "team"]
[EventRounds "9"]
[EventCountry "GER"]
[SourceTitle "EXT 2008"]
[Source "ChessBase"]
[SourceDate "2007.11.25"]
[SourceVersion "1"]
[SourceVersionDate "2007.11.25"]
[SourceQuality "1"]
[WhiteTeam "Eppstein"]
[BlackTeam "Frankfurt BvK II"]
[WhiteTeamCountry "GER"]
[BlackTeamCountry "GER"]

1. d4 Nf6 2. Nf3 d6 3. c4 g6 4. Nc3 Bg7 5. e3 0-0 6. Be2 c5 7. 0-0 Nc6 8. d5 Nb4 9. e4 h6 10. Rb1 Bd7 11. a3 Na6 12. Bd2 Kh7 13. Re1 Nc7 14. Bd3 e5 15. dxe6 Nxe6 16. Nd5 Ng4 17. b4 Ne5 18. Nxe5 dxe5 19. bxc5 Bc6 20. Be3 Qa5 21. Bd2 Qd8 22. Be3 Qa5 23. Bd2 Qd8 24. Be3 Qa5 1/2-1/2

[Event "Oberliga Ost-B 0506"]
[Site "Germany"]
[Date "2005.11.26"]
[Round "2"]
[White "Pichl, Michael"]
[Black "Koester, Roman"]
[Result "1/2-1/2"]
[WhiteElo "2094"]
[BlackElo "2087"]
[PlyCount "89"]
[EventDate "2005.11.13"]
[EventType "team-tourn"]
[EventRounds "11"]
[EventCountry "GER"]
[SourceTitle "CBM 109 Extra"]
[Source "ChessBase"]
[SourceDate "2006.01.03"]
[SourceVersion "2"]
[SourceVersionDate "2006.01.03"]
[SourceQuality "1"]

1. Nf3 Nf6 2. g3 g6 3. Bg2 d6 4. d4 Bg7 5. 0-0 0-0 6. c4 Nbd7 7. Qc2 e5 8. dxe5 dxe5 9. Rd1 Re8 10. Nc3 c6 11. e4 Qc7 12. h3 Nc5 13. Be3 Ne6 14. Rab1 b6 15. b4 Bb7 16. c5 Red8 17. Na4 b5 18. Nc3 Ne8 19. Ne2 Rxd1+ 20. Rxd1 Rd8 21. Ng5 Bc8 22. Kh2 a5 23. a3 axb4 24. axb4 Qe7 25. Rxd8 Qxd8 26. Nxe6 Bxe6 27. Nc3 Nc7 28. Bf1 Na6 29. Qb1 f5 30. exf5 gxf5 31. Ne2 Qd7 32. f4 e4 33. g4 Nc7 34. gxf5 Bxf5 35. Ng3 Nd5 36. Bg1 Bc3 37. Nxe4 Qe7 38. Bd3 Nxb4 39. Nf6+ Qxf6 40. Bxf5 Nd5 41. Bxh7+ Kh8 42. Qf5 Nxf4 43. Qxf6+ Bxf6 44. Be4 Ne2 45. Be3 1/2-1/2

[Event "Frankfurt-ch"]
[Site "Frankfurt"]
[Date "2004.06.14"]
[Round "7"]
[White "Rubel, Julian"]
[Black "Koester, Roman"]
[Result "1/2-1/2"]
[WhiteElo "2111"]
[BlackElo "2124"]
[PlyCount "71"]
[EventDate "2004.05.02"]
[EventType "swiss"]
[EventRounds "7"]
[EventCountry "GER"]
[SourceTitle "EXT 2005"]
[Source "ChessBase"]
[SourceDate "2004.11.15"]
[SourceVersion "1"]
[SourceVersionDate "2004.11.15"]
[SourceQuality "1"]

1. d4 Nf6 2. Nf3 g6 3. c4 Bg7 4. Nc3 d6 5. e4 0-0 6. Be2 e5 7. Be3 Nbd7 8. 0-0 Re8 9. d5 Nh5 10. Re1 Nf4 11. Bf1 Nf6 12. h3 N6h5 13. Kh2 Qd7 14. Ng1 Nf6 15. c5 Rf8 16. cxd6 cxd6 17. Rc1 Ne8 18. g3 Nh5 19. Be2 Nhf6 20. Bf3 Kh8 21. a4 Ng8 22. Nb5 b6 23. Qd2 f5 24. exf5 gxf5 25. Rc2 a6 26. Na3 Bb7 27. Nc4 Rc8 28. Nxb6 Rxc2 29. Qxc2 Qf7 30. Ne2 e4 31. Bg2 Ngf6 32. Nf4 Nc7 33. Qc4 Ncxd5 34. Nfxd5 Nxd5 35. Nxd5 Bxd5 36. Qxa6 1/2-1/2

[Event "Ruhrhalbinsel op 19th"]
[Site "Essen"]
[Date "2004.05.22"]
[Round "5"]
[White "Koester, Roman"]
[Black "Saoudi, Lahcen"]
[Result "0-1"]
[WhiteElo "2014"]
[BlackElo "1618"]
[PlyCount "38"]
[EventDate "2004.05.??"]
[EventType "swiss"]
[EventRounds "7"]
[EventCountry "GER"]
[SourceTitle "CBM 100 Extra"]
[Source "ChessBase"]
[SourceDate "2004.07.06"]
[SourceVersion "2"]
[SourceVersionDate "2004.07.06"]
[SourceQuality "1"]

1. b4 e5 2. Bb2 Bxb4 3. f4 d6 4. fxe5 dxe5 5. Bxe5 Nf6 6. Nf3 0-0 7. e3 Nc6 8. Bb2 Ng4 9. Nc3 Qf6 10. Qe2 Rd8 11. 0-0-0 Qe7 12. h3 Nf6 13. Qb5 Bxc3 14. Bxc3 Ne4 15. Bb2 Nf2 16. Bd3 Be6 17. Bxh7+ Kxh7 18. Qh5+ Kg8 19. Rdf1 Rd5 0-1

[Event "Ruhrhalbinsel op 19th"]
[Site "Essen"]
[Date "2004.05.20"]
[Round "3"]
[White "Eismont, Igor"]
[Black "Koester, Roman"]
[Result "1-0"]
[WhiteElo "2311"]
[BlackElo "2124"]
[PlyCount "101"]
[EventDate "2004.05.??"]
[EventType "swiss"]
[EventRounds "7"]
[EventCountry "GER"]
[SourceTitle "CBM 100 Extra"]
[Source "ChessBase"]
[SourceDate "2004.07.06"]
[SourceVersion "2"]
[SourceVersionDate "2004.07.06"]
[SourceQuality "1"]

1. d4 Nf6 2. c4 g6 3. Nc3 Bg7 4. e4 d6 5. Nf3 0-0 6. h3 Nbd7 7. Bg5 c6 8. Be2 e5 9. d5 c5 10. g4 a6 11. Nd2 Kh8 12. h4 Qe7 13. h5 gxh5 14. gxh5 h6 15. Be3 Nh7 16. Nf3 Ndf6 17. Nh4 Ng5 18. Qc2 Nfh7 19. 0-0-0 Bd7 20. Rdg1 b5 21. b3 Nh3 22. Rg3 Nf4 23. Bg4 Bf6 24. Bxd7 Qxd7 25. Nf5 Bg5 26. a3 Nf6 27. Kb2 Rab8 28. Ka2 Rb7 29. Rgg1 Rfb8 30. Rb1 b4 31. axb4 Rxb4 32. Rb2 Ne8 33. Na4 Ng7 34. Nxg7 Kxg7 35. Qd1 Kh8 36. Nc3 Qb7 37. Qc2 Nd3 38. Rbb1 Qb6 39. Qxd3 Qa5+ 40. Na4 Rxa4+ 41. bxa4 Qxa4+ 42. Qa3 Qxc4+ 43. Ka1 Rb4 44. Rxb4 cxb4 45. Rc1 Qxe4 46. Qxa6 Qxd5 47. Qc8+ Kg7 48. Bxg5 hxg5 49. Qf5 Qd4+ 50. Kb1 Qd2 51. h6+ 1-0

[Event "Frankfurt-ch"]
[Site "Frankfurt"]
[Date "2004.05.10"]
[Round "3"]
[White "Reschke, Stefan"]
[Black "Koester, Roman"]
[Result "1-0"]
[WhiteElo "2362"]
[BlackElo "2124"]
[PlyCount "51"]
[EventDate "2004.05.02"]
[EventType "swiss"]
[EventRounds "7"]
[EventCountry "GER"]
[SourceTitle "EXT 2005"]
[Source "ChessBase"]
[SourceDate "2004.11.15"]
[SourceVersion "1"]
[SourceVersionDate "2004.11.15"]
[SourceQuality "1"]

1. d4 Nf6 2. c4 g6 3. g3 Bg7 4. Bg2 d6 5. Nf3 0-0 6. Nc3 Nbd7 7. 0-0 e5 8. e4 h6 9. Rb1 Nh7 10. dxe5 dxe5 11. b3 Ng5 12. Nxg5 hxg5 13. Qd2 f6 14. Rd1 g4 15. Ba3 Rf7 16. c5 c6 17. b4 Qe7 18. b5 Nf8 19. bxc6 bxc6 20. Qd6 Qe6 21. Bf1 Rd7 22. Qxe6+ Nxe6 23. Bc4 Rxd1+ 24. Rxd1 Bf8 25. Rd8 Kf7 26. Bxe6+ 1-0